| 000 | 00421cam a22001097a 4500 | ||
|---|---|---|---|
| 008 | 180718b1939 xxu||||| |||| 00| 0 eng d | ||
| 082 | _aA6x5422 C333t | ||
| 100 | _aCentral Provinces and Berar. | ||
| 245 | _aSelected records collected from the Central Provinces and Besar Secretariat relating to the suppression of thuggee, 1929-1832 | ||
| 260 |
_aNagpur _bGovernment of Central Provinces and Berar _c1939 |
||
| 300 | _a154+p. | ||
| 999 |
_c487344 _d487344 |
||